000 01230njm a22002897a 4500
005 20100901115333.0
006 a|||||r|||||00| 0
007 sd ammalaaahaa
008 100901t xxu||||| |||| 00| 0 eng d
028 _a2618-7053
_binreco
035 _aGR-03454
040 _aSED
_cSED
100 _aMohammad Rafi
_917891
245 _aKhwab /
_cby Mohammad Rafi ; music by Ravindar Jain ; lyric by Ravindar Jain
_h[Sound recording]
246 _aख्वाब / मोहम्मद रफ़ी
260 _aDUM DUM, India
_bInreco
_c1979
300 _a1 Sound disc [Gramophone Recording] :
_banalog, 33 1/3 rpm
_c12 in. (LP)
_fGramophone Record
500 _aBrief record
500 _aRecord Labels : Inreco,Blue, White
505 _aSide-1 तू ही तो हसीन है (Tu hi to hasin hai) (Mohammad Rafi )--Side-2 एक आस लिए बिसवास लिए (Tk aas liye biswas liye) (Hemlata, Jaspal Singh & Suresh Wadkar)
600 _2Mohammad Rafi
650 _aFilm songs
_xExcerpts
_zIndia
_917892
700 _aJain,Ravingra
_919099
700 _aWadhera, Roshan
_920651
942 _2ddc
_cGR
999 _c46731
_d46731